<?xml version="1.0" encoding="UTF-8"?>
<record
    xmlns:xsi="http://www.w3.org/2001/XMLSchema-instance"
    xsi:schemaLocation="http://www.loc.gov/MARC21/slim http://www.loc.gov/standards/marcxml/schema/MARC21slim.xsd"
    xmlns="http://www.loc.gov/MARC21/slim">

  <leader>00601nam a22001577a 4500</leader>
  <controlfield tag="003">OSt</controlfield>
  <controlfield tag="005">20150927113530.0</controlfield>
  <controlfield tag="008">150927b        xxu||||| |||| 00| 0 eng d</controlfield>
  <datafield tag="040" ind1=" " ind2=" ">
    <subfield code="c">RUA</subfield>
  </datafield>
  <datafield tag="082" ind1=" " ind2=" ">
    <subfield code="a">ATM.Sp CHH 2003 B058 Or.1</subfield>
  </datafield>
  <datafield tag="100" ind1=" " ind2=" ">
    <subfield code="9">1413</subfield>
    <subfield code="a">CHHEM, THA.</subfield>
  </datafield>
  <datafield tag="245" ind1=" " ind2=" ">
    <subfield code="a">Comparison of dracaena growth on three different substances,&#x200B; &#x1794;&#x17D2;&#x179A;&#x17C0;&#x1794;&#x1792;&#x17C0;&#x1794;&#x1780;&#x17B6;&#x179A;&#x179B;&#x17BC;&#x178F;&#x179B;&#x17B6;&#x179F;&#x17CB;&#x179A;&#x1794;&#x179F;&#x17CB;&#x1795;&#x17D2;&#x1780;&#x17B6;&#x178F;&#x17D2;&#x179A;&#x17B6;&#x179F;&#x17CA;&#x17B8;&#x178E;&#x17B6;&#x179B;&#x17BE;&#x179B;&#x17D2;&#x1794;&#x17B6;&#x1799;&#x1794;&#x17B8;&#x1794;&#x17D2;&#x179A;&#x1797;&#x17C1;&#x1791;&#x1781;&#x17BB;&#x179F;&#x17D7;&#x1782;&#x17D2;&#x1793;&#x17B6;</subfield>
  </datafield>
  <datafield tag="260" ind1=" " ind2=" ">
    <subfield code="a">Phnom Penh</subfield>
    <subfield code="b">RUA</subfield>
    <subfield code="c">2003</subfield>
  </datafield>
  <datafield tag="300" ind1=" " ind2=" ">
    <subfield code="a">36p.</subfield>
    <subfield code="b">ill.</subfield>
    <subfield code="c">29cm.</subfield>
  </datafield>
  <datafield tag="942" ind1=" " ind2=" ">
    <subfield code="2">ddc</subfield>
    <subfield code="c">ATMSP</subfield>
  </datafield>
  <datafield tag="999" ind1=" " ind2=" ">
    <subfield code="c">1328</subfield>
    <subfield code="d">1328</subfield>
  </datafield>
  <datafield tag="952" ind1=" " ind2=" ">
    <subfield code="0">0</subfield>
    <subfield code="1">0</subfield>
    <subfield code="2">ddc</subfield>
    <subfield code="4">0</subfield>
    <subfield code="6">ATM__SP_CHH_2003_000000000000000_B058_OR_1</subfield>
    <subfield code="7">0</subfield>
    <subfield code="9">5764</subfield>
    <subfield code="a">LBB</subfield>
    <subfield code="b">LBB</subfield>
    <subfield code="c">B058</subfield>
    <subfield code="d">2015-09-27</subfield>
    <subfield code="o">ATM.Sp CHH 2003 B058 Or.1</subfield>
    <subfield code="p">RUA001415</subfield>
    <subfield code="r">2015-09-27</subfield>
    <subfield code="w">2015-09-27</subfield>
    <subfield code="y">ATMSP</subfield>
  </datafield>
  <datafield tag="952" ind1=" " ind2=" ">
    <subfield code="0">0</subfield>
    <subfield code="1">0</subfield>
    <subfield code="2">ddc</subfield>
    <subfield code="4">0</subfield>
    <subfield code="6">ATM__SP_CHH_2003_000000000000000_B058_OR_2</subfield>
    <subfield code="7">0</subfield>
    <subfield code="9">5765</subfield>
    <subfield code="a">LBB</subfield>
    <subfield code="b">LBB</subfield>
    <subfield code="c">B058</subfield>
    <subfield code="d">2015-09-27</subfield>
    <subfield code="o">ATM.Sp CHH 2003 B058 Or.2</subfield>
    <subfield code="p">RUA001127</subfield>
    <subfield code="r">2015-09-27</subfield>
    <subfield code="w">2015-09-27</subfield>
    <subfield code="y">ATMSP</subfield>
  </datafield>
  <datafield tag="952" ind1=" " ind2=" ">
    <subfield code="0">0</subfield>
    <subfield code="1">0</subfield>
    <subfield code="2">ddc</subfield>
    <subfield code="4">0</subfield>
    <subfield code="6">ATM__SP_CHH_2003_000000000000000_B058_OR_3</subfield>
    <subfield code="7">0</subfield>
    <subfield code="9">5766</subfield>
    <subfield code="a">LBB</subfield>
    <subfield code="b">LBB</subfield>
    <subfield code="c">B058</subfield>
    <subfield code="d">2015-09-27</subfield>
    <subfield code="o">ATM.Sp CHH 2003 B058 Or.3</subfield>
    <subfield code="p">RUA001199</subfield>
    <subfield code="r">2015-09-27</subfield>
    <subfield code="w">2015-09-27</subfield>
    <subfield code="y">ATMSP</subfield>
  </datafield>
  <datafield tag="952" ind1=" " ind2=" ">
    <subfield code="0">0</subfield>
    <subfield code="1">0</subfield>
    <subfield code="2">ddc</subfield>
    <subfield code="4">0</subfield>
    <subfield code="6">ATM__SP_CHH_2003_000000000000000_B058_OR_4</subfield>
    <subfield code="7">0</subfield>
    <subfield code="9">5767</subfield>
    <subfield code="a">LBB</subfield>
    <subfield code="b">LBB</subfield>
    <subfield code="c">B058</subfield>
    <subfield code="d">2015-09-27</subfield>
    <subfield code="o">ATM.Sp CHH 2003 B058 Or.4</subfield>
    <subfield code="p">RUA001343</subfield>
    <subfield code="r">2015-09-27</subfield>
    <subfield code="w">2015-09-27</subfield>
    <subfield code="y">ATMSP</subfield>
  </datafield>
  <datafield tag="952" ind1=" " ind2=" ">
    <subfield code="0">0</subfield>
    <subfield code="1">0</subfield>
    <subfield code="2">ddc</subfield>
    <subfield code="4">0</subfield>
    <subfield code="6">ATM__SP_CHH_2003_000000000000000_B058_OR_5</subfield>
    <subfield code="7">0</subfield>
    <subfield code="9">5768</subfield>
    <subfield code="a">LBB</subfield>
    <subfield code="b">LBB</subfield>
    <subfield code="c">B058</subfield>
    <subfield code="d">2015-09-27</subfield>
    <subfield code="l">2</subfield>
    <subfield code="o">ATM.Sp CHH 2003 B058 Or.5</subfield>
    <subfield code="p">RUA001271</subfield>
    <subfield code="r">2017-12-08</subfield>
    <subfield code="s">2017-10-20</subfield>
    <subfield code="w">2015-09-27</subfield>
    <subfield code="y">ATMSP</subfield>
  </datafield>
  <datafield tag="952" ind1=" " ind2=" ">
    <subfield code="0">0</subfield>
    <subfield code="1">0</subfield>
    <subfield code="2">ddc</subfield>
    <subfield code="4">0</subfield>
    <subfield code="6">ATM__SP_CHH_2003_000000000000000_B058_OR_6</subfield>
    <subfield code="7">0</subfield>
    <subfield code="9">5769</subfield>
    <subfield code="a">LBB</subfield>
    <subfield code="b">LBB</subfield>
    <subfield code="c">B058</subfield>
    <subfield code="d">2015-09-27</subfield>
    <subfield code="l">1</subfield>
    <subfield code="o">ATM.Sp CHH 2003 B058 Or.6</subfield>
    <subfield code="p">RUA001482</subfield>
    <subfield code="r">2016-07-27</subfield>
    <subfield code="s">2016-07-12</subfield>
    <subfield code="w">2015-09-27</subfield>
    <subfield code="y">ATMSP</subfield>
  </datafield>
  <datafield tag="952" ind1=" " ind2=" ">
    <subfield code="0">0</subfield>
    <subfield code="1">0</subfield>
    <subfield code="2">ddc</subfield>
    <subfield code="4">0</subfield>
    <subfield code="6">ATM__SP_CHH_2003_000000000000000_B058_OR_7</subfield>
    <subfield code="7">0</subfield>
    <subfield code="9">5770</subfield>
    <subfield code="a">LBB</subfield>
    <subfield code="b">LBB</subfield>
    <subfield code="c">B058</subfield>
    <subfield code="d">2015-09-27</subfield>
    <subfield code="o">ATM.Sp CHH 2003 B058 Or.7</subfield>
    <subfield code="p">RUA001410</subfield>
    <subfield code="r">2015-09-27</subfield>
    <subfield code="w">2015-09-27</subfield>
    <subfield code="y">ATMSP</subfield>
  </datafield>
  <datafield tag="952" ind1=" " ind2=" ">
    <subfield code="0">0</subfield>
    <subfield code="1">0</subfield>
    <subfield code="2">ddc</subfield>
    <subfield code="4">0</subfield>
    <subfield code="6">ATM__SP_CHH_2003_000000000000000_B058_OR_8</subfield>
    <subfield code="7">0</subfield>
    <subfield code="9">5771</subfield>
    <subfield code="a">LBB</subfield>
    <subfield code="b">LBB</subfield>
    <subfield code="c">B058</subfield>
    <subfield code="d">2015-09-27</subfield>
    <subfield code="o">ATM.Sp CHH 2003 B058 Or.8</subfield>
    <subfield code="p">RUA017780</subfield>
    <subfield code="r">2015-09-27</subfield>
    <subfield code="w">2015-09-27</subfield>
    <subfield code="y">ATMSP</subfield>
  </datafield>
</record>
